<?xml version="1.0" encoding="UTF-8"?>
<record
    xmlns:xsi="http://www.w3.org/2001/XMLSchema-instance"
    xsi:schemaLocation="http://www.loc.gov/MARC21/slim http://www.loc.gov/standards/marcxml/schema/MARC21slim.xsd"
    xmlns="http://www.loc.gov/MARC21/slim">

  <leader>00537nam a2200157Ia 4500</leader>
  <controlfield tag="008">210804s9999    xx            000 0 und d</controlfield>
  <datafield tag="020" ind1=" " ind2=" ">
    <subfield code="a">9781606524220"</subfield>
    <subfield code="q">paperback</subfield>
  </datafield>
  <datafield tag="040" ind1=" " ind2=" ">
    <subfield code="c">3228</subfield>
  </datafield>
  <datafield tag="082" ind1=" " ind2=" ">
    <subfield code="a">648.5  NATU</subfield>
  </datafield>
  <datafield tag="100" ind1=" " ind2=" ">
    <subfield code="a">[Johnson, Pamela] :</subfield>
    <subfield code="9">130340</subfield>
  </datafield>
  <datafield tag="245" ind1=" " ind2="0">
    <subfield code="a">Natural remedies for healthy living:</subfield>
    <subfield code="b">over 100 smart solution to help you live better today</subfield>
    <subfield code="c">Pamela Johnson, Book editor</subfield>
  </datafield>
  <datafield tag="260" ind1=" " ind2=" ">
    <subfield code="a">New York</subfield>
    <subfield code="b">Readers digest</subfield>
    <subfield code="c">2011</subfield>
  </datafield>
  <datafield tag="300" ind1=" " ind2=" ">
    <subfield code="a">360 pages ; </subfield>
    <subfield code="b">colour; portraits</subfield>
    <subfield code="c">25 cm</subfield>
  </datafield>
  <datafield tag="504" ind1=" " ind2=" ">
    <subfield code="6">Includes index</subfield>
  </datafield>
  <datafield tag="942" ind1=" " ind2=" ">
    <subfield code="c">BK</subfield>
    <subfield code="2">ddc</subfield>
  </datafield>
  <datafield tag="999" ind1=" " ind2=" ">
    <subfield code="c">50834</subfield>
    <subfield code="d">50833</subfield>
  </datafield>
  <datafield tag="952" ind1=" " ind2=" ">
    <subfield code="0">0</subfield>
    <subfield code="1">0</subfield>
    <subfield code="2">ddc</subfield>
    <subfield code="4">0</subfield>
    <subfield code="7">0</subfield>
    <subfield code="a">RIVEL</subfield>
    <subfield code="b">RIVEL</subfield>
    <subfield code="d">2022-01-31</subfield>
    <subfield code="l">0</subfield>
    <subfield code="o">648.5  NATU</subfield>
    <subfield code="p">33228031011727</subfield>
    <subfield code="r">2022-01-31</subfield>
    <subfield code="w">2022-01-31</subfield>
    <subfield code="y">BK</subfield>
  </datafield>
  <datafield tag="952" ind1=" " ind2=" ">
    <subfield code="0">0</subfield>
    <subfield code="1">0</subfield>
    <subfield code="2">ddc</subfield>
    <subfield code="4">0</subfield>
    <subfield code="7">0</subfield>
    <subfield code="8">600</subfield>
    <subfield code="a">KAMHL</subfield>
    <subfield code="b">KAMHL</subfield>
    <subfield code="c">Non_Fiction</subfield>
    <subfield code="d">2024-09-18</subfield>
    <subfield code="l">0</subfield>
    <subfield code="o">648.5  NATU</subfield>
    <subfield code="p">3322803179327</subfield>
    <subfield code="r">2024-09-18</subfield>
    <subfield code="w">2024-09-18</subfield>
    <subfield code="y">BK</subfield>
  </datafield>
</record>
